Statistiques concernant Top 10 ballon d'or 2010.

Cliquez ici pour prendre le quiz!

Statistiques générales

  • Ce quiz a été pris 182 fois
  • Le résultat moyen est 8 sur 10

Statistiques - réponses

%JoueursClubs% Correct
22.7Lionel MessiBarca
100%
17.4Andres IniestaBarca
97%
16.5XaviBarca
97%
3.6Cristiano RonaldoReal
96%
1.7Didier DrogbaChelsea
73%
2.3David VillaValence/ Barca
72%
2.9Iker CasillasReal
70%
7.6Diego ForlanAtletico
64%
14.4Wesley SneijderInter
61%
1.5Xabi AlonsoReal
39%

Distribution des résultats

Percentile par nombre de réponses

% des personnes avec chaque résultat

Votre développement - résultats

Vous n’avez pas pris ce quiz